Générique Le Manège Enchanté - Paroles - Statistiques

Statistiques générales
  • Ce quiz a été pris 23 fois
  • Le résultat moyen est 6 sur 9
Statistiques - réponses
Paroles % Correct
Ce manège est {enchanté} !
100%
Tournicoti, {Tournicoton}
95%
Et voilà {Zébulon}
82%
La p'tite {vache} Azalée
77%
Qui nous mène au Bois {Joli}
77%
Pollux et son drôle d'{accent}
68%
Joli bois des {amis}
59%
Un su-sucre c'est {tentant}
45%
Margotte qui fait {ruminer}
32%
Aucun quiz correspondant
Distribution des résultats
% des personnes avec chaque résultat
Percentile par nombre de réponses
Votre historique - résultats
Vous n’avez pas pris ce quiz